000 00962cam a2200361 4500500
005 20260405003521.0
041 _afre
042 _adc
100 1 0 _aSorente, Isabelle
_eauthor
245 0 0 _aPenser, c’est dire non ?
260 _c2022.
500 _a51
690 _aAutorité
690 _aColère
690 _aComplotisme
690 _aCritique
690 _aDan Sperber
690 _aDésobéissance
690 _aDésobéissance civile
690 _aDoute
690 _aGérald Bronner
690 _aGilets jaunes
690 _aHiérarchie
690 _aMaxime Rovere
690 _aOpposition
690 _aPolitique
690 _aRébellion
690 _aRefus
690 _aSophie Galabru
690 _aSubversion
786 0 _nPhilosophie magazine | 160 | 6 | 2022-06-01 | p. 22-22 | 1951-1787
856 4 1 _uhttps://shs.cairn.info/magazine-philosophie-magazine-2022-6-page-22?lang=fr&redirect-ssocas=7080
999 _c2068291
_d2068291